00948nam a2200265 a 450000100060000000300080000600500170001400800410003103500190007203500120009104000280010304100080013108200260013910000390016524500980020426000260030230000280032850000190035660000600037565100440043565100340047994200120051399900170052595201400054242065BD-RjUL20211209053504.0160609s1954 enk 0 eng d a(BD-RjUL)42183 a2389260 aNUNbengcBD-RjULdVMOU aeng04a949.204219bCOA 19541 aCobban, Alfredd1901-1968.912933810aAmbassadors and secret agents :bthe diplomacy of the First Earl of Maimesbury at the Hague / aLond. :bCape,c1954. a256 p. :bill.;c21 cm. aIncludes index10aMalmesbury, James Harris,cEarl of,d1746-1820.9129339 0aNetherlandsyForeign Relations.9129340 0aNetherlandsyHistory.9129341 2ddccBK c42065d42065 00102ddc40708NFICaRUCLbRUCLcStackd1972-08-01eBook Centreg33.00l0o949.204 COA 1954r2016-06-09 00:00:00tC-2w2016-06-09yBK